Finales NBA 2000+ - Statistiques

Statistiques générales
  • Ce quiz a été pris 557 fois
    98 depuis la dernière actualisation
  • Le résultat moyen est 14 sur 26
Statistiques - réponses
Année Ouest Réponse Est % Correct
2023 Denver Nuggets 4-1 Miami Heat
96%
2022 Golden States Warriors 4-2 Boston Celtics
96%
2024 Dallas Mavericks 2-4 Boston Celtics
94%
2021 Phoenix Suns 2-4 Milwaukee Bucks
93%
2020 LA Lakers 4-2 Miami Heat
92%
2019 Golden States Warriors 2-4 Toronto Raptors
89%
2016 Golden States Warriors 3-4 Cleveland Cavaliers
82%
2017 Golden States Warriors 4-1 Cleveland Cavaliers
82%
2018 Golden States Warriors 4-0 Cleveland Cavaliers
81%
2015 Golden States Warriors 4-2 Cleveland Cavaliers
78%
2014 San Antonio Spurs 4-1 Miami Heat
74%
2013 San Antonio Spurs 3-4 Miami Heat
69%
2012 Oklahoma City Thunder 1-4 Miami Heat
63%
2011 Dallas Mavericks 4-2 Miami Heat
58%
2010 LA Lakers 4-3 Boston Celtics
50%
2009 LA Lakers 4-1 Orlando Magic
47%
2008 La Lakers 2-4 Boston Celtics
35%
2007 San Antonio Spurs 4-0 Cleveland Cavaliers
32%
2006 Dallas Mavericks 2-4 Miami Heat
28%
2005 San Antonio Spurs 4-3 Detroit Pistons
24%
2004 LA Lakers 1-4 Detroit Pistons
18%
2003 San Antonio Spurs 4-2 Brooklyn Nets
15%
2001 LA Lakers 4-1 Philadelphie 76ers
14%
2002 LA Lakers 4-0 Brooklyn Nets
13%
2000 La Lakers 4-2 Indiana Pacers
10%
Bonus Ouest 16-9 Est
3%
Aucun quiz correspondant
Distribution des résultats
% des personnes avec chaque résultat
Percentile par nombre de réponses
Votre historique - résultats
Vous n’avez pas pris ce quiz depuis la dernière actualisation